000 00496pab a2200169 454500
008 180718b2003 xxu||||| |||| 00| 0 eng d
100 _aChowdhary, Rekha
245 _aElections 2002: implications for politics of separatism
260 _c2003
300 _ap.15-21.
362 _a4 Jan
650 _aJammu and Kashmir. Legislative Assembly - Elections
650 _aElections - India - Jammu and Kashmir
650 _aElections
773 _aEconomic and Political Weekly
909 _a55053
999 _c55053
_d55053